Les Anciens pays de l'Autriche-Hongrie - Statistiques

Statistiques générales
  • Ce quiz a été pris 246 fois
  • Le résultat moyen est 12 sur 13
Statistiques - réponses
Réponse % Correct
Autriche
100%
Hongrie
100%
Slovaquie
97%
Slovénie
96%
Croatie
95%
Serbie
93%
Tchéquie
93%
Bosnie-Hérzegovine
91%
Pologne
88%
Roumanie
88%
Montenegro
81%
Italie
75%
Ukraine
75%
Aucun quiz correspondant
Distribution des résultats
% des personnes avec chaque résultat
Percentile par nombre de réponses
Votre historique - résultats
Vous n’avez pas pris ce quiz